00782nam a22002057a 450000500170000001000150001702000260003203500130005803700130007108200230008410000160010724500810012326000450020427000630024930000240031250000500033694200370038699900170042395201360044020141013105737.0 aENG-110946 a9780198099185c995.00 aEN-94478 bDBAD/PUB a307.76095414709033 aRobb, Peter aUseful friendship :cby Peter RobbbEuropean and Indians in early Calcutta / aNew DelhibOxford University Pressc2014 aYMCA Library Building, 1 Jai Singh RoadbNew Delhie110020 axii,293p.c24cm(Hb) aIncludes bibliographical references and index 2ddccENmROBh307.76095414709033 c88972d88972 001040718NFICaDBADbDBADd2014-09-25eDBAD/PUBg995.00l0o307.76095414709033 ROBpEN-94478r2014-09-25 00:00:00t1v995.00yEN